Retail Management (Record no. 292)

MARC details
000 -LEADER
fixed length control field 00409nam a22001697a 4500
005 - DATE AND TIME OF LATEST TRANSACTION
control field 20160429142551.0
008 - FIXED-LENGTH DATA ELEMENTS--GENERAL INFORMATION
fixed length control field 160429b xxu||||| |||| 00| 0 eng d
020 ## - INTERNATIONAL STANDARD BOOK NUMBER
ISBN 978-81-317-1670-0
041 ## - LANGUAGE CODE
Language code of text/sound track or separate title eng
082 ## - DEWEY DECIMAL CLASSIFICATION NUMBER
Item number 00904
100 ## - MAIN ENTRY--AUTHOR NAME
Personal name Sheikh Arib Fatima Kaniz
245 ## - TITLE STATEMENT
Title Retail Management
260 ## - PUBLICATION, DISTRIBUTION, ETC. (IMPRINT)
Place of publication Delhi
Name of publisher Dorling kindersley
Year of publication 2008
300 ## - PHYSICAL DESCRIPTION
Number of Pages 681
650 ## - SUBJECT ADDED ENTRY--TOPICAL TERM
Topical Term Management
942 ## - ADDED ENTRY ELEMENTS (KOHA)
Koha item type Books
Holdings
Lost status Damaged status Collection code Home library Current library Shelving location Date acquired Full call number Accession Number Koha item type
    Reference JRU Library JRU Library SHELF- 67 H 29/04/2016 00904 00904 Books
    MANAGEMENT JRU Library JRU Library SHELF- 67 H 29/04/2016 00904 00905 Books
    MANAGEMENT JRU Library JRU Library SHELF- 67 H 29/04/2016 00904 00906 Books
    MANAGEMENT JRU Library JRU Library SHELF- 67 H 29/04/2016 00904 00907 Books
    MANAGEMENT JRU Library JRU Library SHELF-36-G 29/04/2016 00904 00908 Books